| 000 | 00682nam a2200229 4500 | ||
|---|---|---|---|
| 003 | OSt | ||
| 005 | 20260601193846.0 | ||
| 008 | 260418b1966 xxua|||| |||| 00| 0 eng d | ||
| 040 |
_aICI _bspa _cICI |
||
| 041 | _aeng | ||
| 050 |
_aBF408 _bK63 1966 |
||
| 100 | 1 |
_aKoesler Arthur _d1905-1983 _931435 |
|
| 245 | 1 |
_aThe act of creation / Arthur Koestler _cArthur koestler |
|
| 260 |
_a London _b1964 _cDELL Publishing A Laurel edition |
||
| 264 |
_bDELL Publishing A Laurel edition _c1964 _a London |
||
| 300 | _a751 páginas | ||
| 336 |
_atexto _2rdacontent |
||
| 337 |
_asin medio _2rdamedia |
||
| 338 |
_avolumen _2rdacarrier |
||
| 650 |
_aAptitud creadora _931436 |
||
| 942 |
_2ddc _cB |
||
| 999 |
_c21638 _d21638 |
||